000 00620cam a2200145 4500500
005 20260208005909.0
041 _afre
042 _adc
100 1 0 _aFontana, Michèle
_eauthor
245 0 0 _aMÉLANIE E. COLLADO, Colette, Lucie Delarue-Mardrus, Marcelle Tinayre, Émancipation et Résignation. Paris, L’Harmattan, 2003. Un vol. de 236 p.
260 _c2006.
500 _a6
786 0 _nRevue d'histoire littéraire de la France | 106 | 4 | 2006-10-01 | p. 959zr-1017zr | 0035-2411
856 4 1 _uhttps://shs.cairn.info/revue-d-histoire-litteraire-de-la-france-2006-4-page-959zr?lang=fr&redirect-ssocas=7080
999 _c1654263
_d1654263